Judaism / written by Douglas Charing.
Available copies
- 1 of 1 copy available at scottsboropl.
Holds
- 0 current holds with 1 total copy.
Show Only Available Copies
| Location | Call Number / Copy Notes | Barcode | Shelving Location | Status | Due Date |
|---|---|---|---|---|---|
| scottsboropl | J 296 Cha | 32269000741747 | Juvenile - NonFiction | Available | - |
| LDR | 00685cam a2200205 a 4500 | ||
|---|---|---|---|
| 001 | 128187 | ||
| 003 | CONS | ||
| 005 | 20140703073304.0 | ||
| 008 | 980309s2003 enka c 001 0 eng u | ||
| 020 | . | ‡a0789492407 | |
| 035 | . | ‡a(CPomAG)LMN497061 | |
| 100 | 1 | . | ‡aCharing, Douglas. |
| 245 | 1 | 0. | ‡aJudaism / ‡cwritten by Douglas Charing. |
| 260 | . | ‡aLondon : ‡bDK Pub., ‡cc2003. | |
| 300 | . | ‡a64 pages : ‡bcolor illustrations ; ‡c29 cm. | |
| 440 | 0. | ‡aDK eyewitness books. | |
| 650 | 0. | ‡aJudaism. | |
| 650 | 1. | ‡aJudaism. | |
| 959 | . | ‡i32269000741747 ‡lJ296 Cha ‡aJuvenile - NonFiction ‡tJuv Nonfiction ‡g16.00 | |
| 852 | . | ‡p32269000741747 ‡jJ296 Cha ‡gJuvenile - NonFiction ‡cJuv Nonfiction ‡y16.00 ‡bSBPL | |
| 901 | . | ‡a128187 ‡bUnknown ‡c128187 ‡tbiblio | |